Statistiques concernant Zoo De Beauval

Cliquez ici pour prendre le quiz!

Statistiques générales

  • Ce quiz a été pris 206 fois
    (164 depuis la dernière actualisation)
  • Le résultat moyen est 11 sur 14

Statistiques - réponses

Réponse% Correct
Panda géant
100%
Eléphant d'Afrique
98%
Koala
98%
Gorille
93%
Rhinocéros blanc
92%
Otarie de Californie
91%
Panda roux
91%
Tapir de Malaisie
85%
Suricate
83%
Orang outan
81%
Cigogne
69%
Diable de Tasmanie
55%
Lion blanc
50%
Rhinocéros Indien
28%

Distribution des résultats

Percentile par nombre de réponses

% des personnes avec chaque résultat

Votre développement - résultats

Vous n’avez pas pris ce quiz depuis la dernière actualisation